Signal processing and linear systems (Record no. 1319)

000 -LEADER
fixed length control field 00543nam a2200205 a 4500
001 - CONTROL NUMBER
control field 1319
003 - CONTROL NUMBER IDENTIFIER
control field BD-DhUET
008 - FIXED-LENGTH DATA ELEMENTS--GENERAL INFORMATION
fixed length control field 980109s1998 caua b 001 0 eng
020 ## - INTERNATIONAL STANDARD BOOK NUMBER
International Standard Book Number 0941413357
040 ## - CATALOGING SOURCE
Original cataloging agency DLC
Transcribing agency DLC
Modifying agency BD-DhUET
082 00 - DEWEY DECIMAL CLASSIFICATION NUMBER
Classification number 623.22
Item number LAT/1998
100 ## - MAIN ENTRY--PERSONAL NAME
Personal name Lathi B. P.
245 10 - TITLE STATEMENT
Title Signal processing and linear systems
250 ## - EDITION STATEMENT
Edition statement 1st ed
260 ## - PUBLICATION, DISTRIBUTION, ETC. (IMPRINT)
Place of publication, distribution, etc. New York
Name of publisher, distributor, etc. Oxford University Press
Date of publication, distribution, etc. 1998
300 ## - PHYSICAL DESCRIPTION
Extent x, 850 p.
Other physical details ill.
Dimensions 24 cm.
504 ## - BIBLIOGRAPHY, ETC. NOTE
Bibliography, etc Includes bibliographies
650 #0 - SUBJECT ADDED ENTRY--TOPICAL TERM
Topical term or geographic name as entry element Digital signal processing
942 ## - ADDED ENTRY ELEMENTS (KOHA)
Koha item type General Book
Holdings
Date acquired Koha normalized classification for sorting Koha date last seen Price effective from Not for loan Lost status Location (home branch) Koha item type Piece designation (barcode) Koha renewals Koha issues (times borrowed) Koha date last borrowed Source of classification or shelving scheme Copy number Shelving location Koha full call number Damaged status Sublocation or collection (holding branch) Withdrawn status
2014-09-03623_000000000000000_22LAT19982019-09-142014-09-03  Central Library, BUETGeneral Book1038562   1Circulation section623.22/LAT/1998 Central Library, BUET 
2014-09-03623_000000000000000_22LAT19982014-09-032014-09-03  Central Library, BUETGeneral Book103857    2Circulation section623.22/LAT/1998 Central Library, BUET 
2014-09-03623_220000000000000_LAT_19982017-08-192014-09-03  Central Library, BUETGeneral Book103859 12015-06-13 3Circulation section623.22/LAT/1998 Central Library, BUET 
2014-09-03623_000000000000000_22LAT19982017-01-082014-09-03  Central Library, BUETGeneral Book103860 12015-10-20 4Circulation section623.22/LAT/1998 Central Library, BUET 
2014-09-03623_000000000000000_22LAT19982017-04-112014-09-03  Central Library, BUETGeneral Book103863 12015-05-25 5Circulation section623.22/LAT/1998 Central Library, BUET 
2014-09-03623_000000000000000_22LAT19982017-06-132014-09-03  Central Library, BUETGeneral Book103864 12015-05-25 6Circulation section623.22/LAT/1998 Central Library, BUET 
2014-09-03623_000000000000000_22LAT19982017-08-202014-09-03  Central Library, BUETGeneral Book103865    7Circulation section623.22/LAT/1998 Central Library, BUET 
2014-11-18623_000000000000000_22LAT19982017-10-102014-11-18  Central Library, BUETGeneral Book103858    8Circulation section623.22/LAT/1998 Central Library, BUET 
2014-12-02623_220000000000000_LAT19982017-05-312014-12-02  Central Library, BUETGeneral Book103861 12017-04-18 9Circulation section623.22 LAT/1998 Central Library, BUET 
2015-06-03623_220000000000000_LAT_19982017-02-062015-06-03  Central Library, BUETGeneral Book1000352   10Circulation section623.22/LAT/1998 Central Library, BUET 
2007-05-28623_220000000000000_LAT_19982025-09-172017-10-31  Central Library, BUETGeneral Book103862 22025-09-07 11Circulation section623.22/LAT/1998 Central Library, BUET